Venezia libertina : i luoghi della memoria erotica /

Saved in:
Bibliografiske detaljer
Hovedforfatter: Dell'Orso, Claudio (Author)
Format: Bog
Sprog:italiensk
Udgivet: Venezia : Arsenale, \1999!
Serier:Techné ; 16
Fag:
Tags: Tilføj Tag
Ingen Tags, Vær først til at tagge denne postø!

MARC

LEADER 00000nam a22000007i 4500
001 IT\ICCU\VEA\0108901
003 ItRI
005 20260115231928.0
008 990621s1999 it |||||| ||||| |||||c
020 |a 8877431113 
040 |b ita  |c importazione bologna sebina 
041 7 |a ita  |2 ISO-639-2 
100 1 |a Dell'Orso, Claudio  |0 IT\ICCU\RAVV\005408  |4 aut 
240 1 0 |a Venezia libertina  |3 IT\ICCU\VIA\0357033  |9 Dell'Orso, Claudio 
245 1 0 |a Venezia libertina :  |b i luoghi della memoria erotica /  |c Claudio Dell'Orso. 
260 |a Venezia :  |b Arsenale,  |c \1999! 
300 |a 151 p. :  |b ill. ;  |c 24 cm. 
650 7 |a ARTE  |x VENEZIA  |x MOTIVI EROTICI  |2 scbi 
830 0 |a Techné ;  |v 16  |0 IT\ICCU\CFI\0169143 
942 |2 ddc  |c BK  |n 0 
952 |0 0  |1 0  |4 0  |6 DOC_306_709000000000000_VEN  |7 0  |9 16851  |a BO  |b BO  |d 2026-01-15  |i 8661  |l 0  |o DOC 306.709 VEN  |p BO8661  |r 2026-01-15 23:19:28  |w 2026-01-15  |x [Sebina 5] [1 v.]  |y BK  |z 1 v. 
999 |c 14402  |d 14402